000 00566cam a2200217ua 4500
001 10439
005 20260515114625.0
008 190220n ii |||gr||||Z||||||eng
020 _a9780143416876
040 _cMAIN
041 _aeng
082 _a828
100 _aAPJ Abdul Kalam,
_eAuthor.
245 _aScientific Indian
_ca twenty first century guide to the World around us
250 _a1st ed.
260 _aGurgaon:
_bPenguin books,
_c2011.
300 _a222p.
653 _aEnglish miscellaneous writings
700 _aYS Rajan,
_eAuthor.
942 _cBK
999 _c9417
_d9417